| 000 | 00792cab a2200229 4500 | ||
|---|---|---|---|
| 001 | WB3231-41 | ||
| 008 | 090401t1996 xxu||||| |||| 00| 0 eng d | ||
| 035 | _a(Sirsi) u69632 | ||
| 041 | _aeng | ||
| 245 | _aNorthern Ireland house prices still rising | ||
| 260 | _c1996 | ||
| 350 | _a0 | ||
| 490 |
_aIrish Times _v14 August 1996, 9(1) |
||
| 520 | _aHouse prices in Northern Ireland continue to rise, despite the ending of the IRA ceasefire, but are expected to stabilise over the rest of the year, according to a study by the University of Ulster. | ||
| 650 | _aHOUSE PRICES | ||
| 650 | _aIRA CEASEFIRE | ||
| 650 | _aNORTHERN IRELAND | ||
| 650 | _aUNIVERSITY OF ULSTER | ||
| 690 | _aPROPERTY-RESIDENTIAL PROPERTY-RESIDENTIAL PROPERTY MARKET | ||
| 942 | _n0 | ||
| 948 | _c04/03/1997 | ||
| 999 |
_c43747 _d43747 |
||